Routledge handbook of populism in the Asia pacific (Record no. 395249)

MARC details
000 -LEADER
fixed length control field 00648 a2200241 4500
005 - DATE & TIME
control field 20260214110554.0
008 - FIXED-LENGTH DATA ELEMENTS--GENERAL INFORMATION
fixed length control field 260212b |||||||| |||| 00| 0 eng d
020 ## - ISBN
International Standard Book Number 9781032768748
Price Rs. 1595.00
040 ## - CATALOGING SOURCE
Original cataloging agency VIVEKANANDA LIBRARY
082 ## - DDC NUMBER
Classification number 320.566095
Book Number S15R
100 ## - MAIN ENTRY--PERSONAL NAME
Personal name Subedi, D.B
245 ## - TITLE STATEMENT
Title Routledge handbook of populism in the Asia pacific
260 ## - PUBLICATION, DISTRIBUTION, ETC. (IMPRINT)
Name of publisher, distributor, etc Routledge
Date of publication, distribution, etc 2024
Place of publication, distribution, etc Abingdon
300 ## - PHYSICAL DESCRIPTION
Pages xviii, 425
650 ## - Subject
Subject Political Science
650 ## - Subject
Subject Populism
650 ## - Subject
Subject Political Ideology
650 ## - Subject
Subject Asia - Pacific Region
700 ## - Added Entry Personal Name
Added Entry Personal Name Brasted, Howard
700 ## - Added Entry Personal Name
Added Entry Personal Name Strokirch, Karin Von
700 ## - Added Entry Personal Name
Added Entry Personal Name Scott, Alan
942 ## - ADDED ENTRY ELEMENTS (KOHA)
Koha item type Books
Holdings
Withdrawn status Lost status Source of classification or shelving scheme Damaged status Not for loan Location (home branch) Sublocation or collection (holding branch) Shelving location Date acquired Koha issues (times borrowed) Koha full call number Accession No. Koha date last seen Koha item type
    Dewey Decimal Classification     VIVEKANANDA LIBRARY VIVEKANANDA LIBRARY Vivekananda Library 22/01/2026   320.566095 S15R 444466 22/01/2026 Books
© Designed and Maintained by Vivekananda Library, MDU Rohtak